000 00309nam a22001337a 4500
008 170308b xxu||||| |||| 00| 0 eng d
020 _a9780470084717
041 _aeng
080 _212 ED
_a611
100 _a6
101 _aSHM
245 _aPRINCIPLES ANATOMY AND PHYSIOLOGY
_cTORTORA.G.J
942 _2udc
_cBK
999 _c7166
_d7166